Die 10 größten Städte in Baden-Württemberg - Statistiken

Allgemein
  • Dieses Quiz wurde 45 mal gespielt
  • Das Durchschnittsergebnis liegt bei 8 aus 10
Antwortstatistiken
Hint Antwort % Korrekt
612.663 Stuttgart
100%
318.035 Mannheim
98%
237.460 Freiburg im Breisgau
95%
309.050 Karlsruhe
95%
155.756 Heidelberg
85%
134.912 Pforzheim
83%
129.882 Ulm
83%
131.986 Heilbronn
73%
118.852 Reutlingen
70%
96.182 Esslingen am Neckar
60%
Keine übereinstimmenden Quizze gefunden
Verteilung der Resultate
Anzahl Personen mit jedem Resultat
Perzentil nach korrekt beantworteten Fragen
Ihre Resultats-Entwicklung
Sie haben dieses Quiz noch nicht gespielt